[Event "HUN-chT2 Asztalos 0910"]
[Site "Hungary"]
[Date "2010.01.31"]
[Round "5"]
[White "Mihaljevic, Branko"]
[Black "Andi, Peter"]
[Result "0-1"]
[WhiteElo "1963"]
[BlackElo "2182"]
[PlyCount "55"]
[EventDate "2009.11.08"]
[EventType "team-tourn"]
[EventRounds "11"]
[EventCountry "HUN"]
[SourceTitle "EXT 2011"]
[Source "ChessBase"]
[SourceDate "2010.11.26"]
[SourceVersion "1"]
[SourceVersionDate "2010.11.26"]
[SourceQuality "1"]
[WhiteTeam "Mohacs"]
[BlackTeam "Decs II"]
[WhiteTeamCountry "HUN"]
[BlackTeamCountry "HUN"]

1. e4 c5 2. Nc3 Nc6 3. f4 e6 4. Nf3 d5 5. Bb5 Nf6 6. e5 Nd7 7. Bxc6 bxc6 8. d3 Be7 9. 0-0 0-0 10. Ne2 f6 11. exf6 Bxf6 12. Ng3 e5 13. Nh5 exf4 14. Nxf4 Ne5 15. Nxe5 Bxe5 16. Kh1 Qf6 17. Be3 Qd6 18. Qc1 Bd7 19. c3 d4 20. cxd4 cxd4 21. Bd2 Kh8 22. a3 Rab8 23. Rb1 Rf6 24. g3 c5 25. Kg1 Bc6 26. b4 Bxf4 27. Bxf4 Qd5 28. Rb2 0-1

[Event "HUN-chT2 Asztalos 0809"]
[Site "Hungary"]
[Date "2009.01.11"]
[Round "5"]
[White "Kohalmi, Endre"]
[Black "Andi, Peter"]
[Result "0-1"]
[WhiteElo "1964"]
[BlackElo "2182"]
[PlyCount "70"]
[EventDate "2008.10.26"]
[EventType "tourn"]
[EventRounds "11"]
[EventCountry "HUN"]
[SourceTitle "EXT 2010"]
[Source "ChessBase"]
[SourceDate "2010.11.25"]
[SourceVersion "1"]
[SourceVersionDate "2010.11.25"]
[SourceQuality "1"]
[WhiteTeam "Komlo"]
[BlackTeam "Szekszard/Decs II"]
[WhiteTeamCountry "HUN"]
[BlackTeamCountry "HUN"]

1. Nf3 Nf6 2. b3 g6 3. Bb2 Bg7 4. e3 0-0 5. c4 c5 6. Be2 Nc6 7. 0-0 d5 8. d4 cxd4 9. Nxd4 Nxd4 10. Bxd4 Be6 11. cxd5 Bxd5 12. Nc3 Bc6 13. f4 Qa5 14. Bf3 Rac8 15. Rc1 Rfd8 16. Qe2 Rd7 17. Rfd1 Bxf3 18. gxf3 Rxd4 19. Rxd4 Rxc3 20. Rcd1 Rc8 21. R4d3 e6 22. a4 Nd5 23. Qd2 Bc3 24. Qg2 Qb6 25. Qg5 Bf6 26. Qg3 Nxe3 27. Rd6 Qxb3 28. R6d3 Qxa4 29. Re1 Nf5 30. Qg4 h5 31. Qg2 Qxf4 32. Rb3 Bd4+ 33. Kh1 Rc1 34. Rb1 Rxe1+ 35. Rxe1 Nh4 0-1

[Event "HUN-chT2 Asztalos 0506"]
[Site "Hungary"]
[Date "2006.04.23"]
[Round "11"]
[White "Andi, Peter"]
[Black "Drinoczi, Peter"]
[Result "1/2-1/2"]
[WhiteElo "2181"]
[BlackElo "2112"]
[PlyCount "25"]
[EventDate "2005.10.16"]
[EventType "team-tourn"]
[EventRounds "11"]
[EventCountry "HUN"]
[SourceTitle "EXT 2009"]
[Source "ChessBase"]
[SourceDate "2008.11.26"]
[SourceVersion "1"]
[SourceVersionDate "2008.11.26"]
[SourceQuality "1"]
[WhiteTeam "Szekszard"]
[BlackTeam "Pecs Karmin"]
[WhiteTeamCountry "HUN"]
[BlackTeamCountry "HUN"]

1. d4 d5 2. Nf3 Nf6 3. e3 c5 4. Bd3 Nc6 5. 0-0 Bg4 6. c3 e6 7. Nbd2 Be7 8. Qc2 0-0 9. Ne5 Bh5 10. Re1 Rc8 11. Nxc6 Rxc6 12. dxc5 Bxc5 13. Qb3 1/2-1/2

[Event "HUN-chT2 Asztalos 0405"]
[Site "Hungary"]
[Date "2005.02.20"]
[Round "8"]
[White "Matrahalmi, Tibor"]
[Black "Andi, Peter"]
[Result "1-0"]
[WhiteElo "2135"]
[BlackElo "2206"]
[PlyCount "49"]
[EventDate "2004.09.26"]
[EventType "team-tourn"]
[EventRounds "11"]
[EventCountry "HUN"]
[SourceTitle "EXT 2009"]
[Source "ChessBase"]
[SourceDate "2008.11.26"]
[SourceVersion "1"]
[SourceVersionDate "2008.11.26"]
[SourceQuality "1"]
[WhiteTeam "MAV Elore"]
[BlackTeam "Szekszard"]
[WhiteTeamCountry "HUN"]
[BlackTeamCountry "HUN"]

1. e4 c5 2. c3 Nf6 3. e5 Nd5 4. d4 cxd4 5. Nf3 e6 6. cxd4 Be7 7. a3 0-0 8. Bd3 d6 9. 0-0 Nc6 10. Nbd2 dxe5 11. dxe5 Nf4 12. Bb1 Qc7 13. Qc2 Ne2+ 14. Kh1 g6 15. Ne4 Nxc1 16. Qxc1 Kg7 17. Nf6 Bxf6 18. exf6+ Kxf6 19. Qh6 Bd7 20. Ng5 Rh8 21. Nxh7+ Ke5 22. Qg5+ f5 23. Qg3+ f4 24. Qc3+ Kd6 25. Rd1+ 1-0

[Event "HUN-chT2 Asztalos 0304"]
[Site "Hungary"]
[Date "2004.02.08"]
[Round "7"]
[White "Illes, Attila"]
[Black "Andi, Peter"]
[Result "0-1"]
[WhiteElo "2110"]
[BlackElo "2210"]
[PlyCount "144"]
[EventDate "2003.08.29"]
[EventType "team-tourn"]
[EventRounds "11"]
[EventCountry "HUN"]
[SourceTitle "EXT 2009"]
[Source "ChessBase"]
[SourceDate "2008.11.26"]
[SourceVersion "1"]
[SourceVersionDate "2008.11.26"]
[SourceQuality "1"]
[WhiteTeam "Szenna Pack II"]
[BlackTeam "Gepelem"]
[WhiteTeamCountry "HUN"]
[BlackTeamCountry "HUN"]

1. d4 Nf6 2. Nf3 g6 3. Bg5 Bg7 4. Nbd2 0-0 5. e4 d6 6. h3 h6 7. Bh4 Nbd7 8. c3 c5 9. Bd3 Nh5 10. 0-0 Nf4 11. Bc2 b6 12. Bg3 Ne6 13. d5 Nc7 14. Rb1 b5 15. c4 Nb6 16. b3 e6 17. dxe6 Bxe6 18. Bd3 a6 19. Qc2 Qe7 20. Rfe1 Bd7 21. Rbc1 Ne6 22. Nf1 Nd4 23. Nxd4 Bxd4 24. Ne3 Rfe8 25. Nd5 Nxd5 26. exd5 Qg5 27. Kh2 Qf6 28. Re4 bxc4 29. bxc4 Rxe4 30. Bxe4 h5 31. Qd2 h4 32. Bf4 Be5 33. g3 hxg3+ 34. fxg3 Bxf4 35. Qxf4 Qxf4 36. gxf4 Re8 37. Bf3 Re3 38. Bg2 Bf5 39. Kg1 Ra3 40. Ra1 Rc3 41. Bf1 Rf3 42. Re1 Kf8 43. Kg2 Rxf4 44. Re3 Rd4 45. Ra3 Rd2+ 46. Kg3 Bc8 47. h4 Rd4 48. Be2 Re4 49. Bf3 Rxc4 50. Be2 Rd4 51. Bxa6 Bxa6 52. Rxa6 Rxd5 53. a4 Rd3+ 54. Kf4 Ke7 55. Ra7+ Ke6 56. a5 Rd4+ 57. Kg3 Ra4 58. a6 c4 59. Ra8 c3 60. a7 Kd5 61. Rc8 Rxa7 62. Rxc3 Kd4 63. Rc1 d5 64. Rd1+ Kc5 65. Kf4 Re7 66. Rc1+ Kd6 67. Ra1 Re4+ 68. Kg5 d4 69. Ra7 d3 70. Ra3 Rd4 71. Ra1 d2 72. Rd1 Ke5 0-1

[Event "HUN-chT2 Asztalos 0203"]
[Site "Hungary"]
[Date "2003.02.16"]
[Round "7"]
[White "Illes, Attila"]
[Black "Andi, Peter"]
[Result "1/2-1/2"]
[WhiteElo "2152"]
[BlackElo "2196"]
[PlyCount "80"]
[EventDate "2002.09.22"]
[EventType "team-tourn"]
[EventRounds "11"]
[EventCountry "HUN"]
[SourceTitle "EXT 2009"]
[Source "ChessBase"]
[SourceDate "2008.11.26"]
[SourceVersion "1"]
[SourceVersionDate "2008.11.26"]
[SourceQuality "1"]

1. d4 Nf6 2. Nf3 g6 3. Bg5 Bg7 4. Nbd2 0-0 5. e4 d6 6. Bd3 Nc6 7. c3 e5 8. d5 Ne7 9. 0-0 h6 10. Bxf6 Bxf6 11. Rb1 Bg7 12. c4 f5 13. Qc2 c5 14. b4 b6 15. bxc5 bxc5 16. Qa4 f4 17. Rb3 g5 18. Rfb1 g4 19. Ne1 Qc7 20. Ra3 Ng6 21. Qc6 Qxc6 22. dxc6 Rf7 23. Nb3 Rc7 24. Na5 Ne7 25. Nc2 Nxc6 26. Nxc6 Rxc6 27. Rab3 Bf8 28. Na3 Rb6 29. Nb5 Rb7 30. Nc3 Rab8 31. Rxb7 Rxb7 32. Rxb7 Bxb7 33. Nd5 Bxd5 34. exd5 Kf7 35. Be4 Kf6 36. f3 gxf3 37. gxf3 Ke7 38. Kf1 Kd7 39. Ke2 Kc7 40. Bc2 Kb6 1/2-1/2

[Event "HUN-chT2 Asztalos 0304"]
[Site "Hungary"]
[Date "2003.01.25"]
[Round "6"]
[White "Andi, Peter"]
[Black "Kalanyos, Ferenc"]
[Result "1-0"]
[WhiteElo "2210"]
[BlackElo "1992"]
[PlyCount "61"]
[EventDate "2003.08.29"]
[EventType "team-tourn"]
[EventRounds "11"]
[EventCountry "HUN"]
[SourceTitle "EXT 2009"]
[Source "ChessBase"]
[SourceDate "2008.11.26"]
[SourceVersion "1"]
[SourceVersionDate "2008.11.26"]
[SourceQuality "1"]
[WhiteTeam "Gepelem"]
[BlackTeam "Koppany"]
[WhiteTeamCountry "HUN"]
[BlackTeamCountry "HUN"]

1. e4 c5 2. Nc3 d6 3. g3 Nc6 4. Bg2 e6 5. Nge2 Be7 6. 0-0 a6 7. d4 cxd4 8. Nxd4 Nf6 9. Nxc6 bxc6 10. e5 Nd5 11. exd6 Bxd6 12. Nxd5 cxd5 13. c4 Bb7 14. cxd5 e5 15. Qa4+ Qd7 16. Qxd7+ Kxd7 17. f4 f6 18. Be3 Rhe8 19. Bh3+ Ke7 20. Be6 exf4 21. gxf4 Bc8 22. f5 Rb8 23. b3 Rb4 24. Rac1 Rg4+ 25. Kh1 Bb7 26. Rc4 Rxc4 27. bxc4 Kf8 28. Kg1 Bc8 29. c5 Bxe6 30. fxe6 Bb8 31. Rb1 1-0

[Event "HUN-chT2 Asztalos 0203"]
[Site "Hungary"]
[Date "2003.01.19"]
[Round "5"]
[White "Andi, Peter"]
[Black "Kalanyos, Ferenc"]
[Result "1-0"]
[WhiteElo "2196"]
[BlackElo "2006"]
[PlyCount "71"]
[EventDate "2002.09.22"]
[EventType "team-tourn"]
[EventRounds "11"]
[EventCountry "HUN"]
[SourceTitle "EXT 2009"]
[Source "ChessBase"]
[SourceDate "2008.11.26"]
[SourceVersion "1"]
[SourceVersionDate "2008.11.26"]
[SourceQuality "1"]

1. Nf3 d5 2. g3 c6 3. Bg2 Nf6 4. 0-0 g6 5. b3 Bg7 6. Bb2 0-0 7. d4 Nbd7 8. Nbd2 Re8 9. c4 e6 10. Qc2 b6 11. e4 dxe4 12. Nxe4 Nxe4 13. Qxe4 Bb7 14. Ne5 Nxe5 15. dxe5 Qc7 16. Rfe1 Rab8 17. c5 b5 18. Rad1 Red8 19. Rd6 Rxd6 20. exd6 Qd7 21. Bxg7 Kxg7 22. Qe5+ Kg8 23. g4 Rf8 24. g5 Bc8 25. Qf6 Qe8 26. Re3 Bd7 27. b4 Qd8 28. Qxd8 Rxd8 29. Ra3 Kf8 30. Rxa7 Ke8 31. Rc7 Ra8 32. Bxc6 Bxc6 33. Rxc6 Rxa2 34. Rc8+ Kd7 35. Rc7+ Ke8 36. c6 1-0

[Event "HUN-chT3 0102"]
[Site "Hungary"]
[Date "2002.03.03"]
[Round "8.2"]
[White "Andi, Peter"]
[Black "Banusz, Tamas"]
[Result "0-1"]
[WhiteElo "2196"]
[BlackElo "2217"]
[PlyCount "52"]
[EventDate "2001.09.30"]
[EventType "team-tourn"]
[EventRounds "11"]
[EventCountry "HUN"]
[SourceTitle "EXT 2004"]
[Source "ChessBase"]
[SourceDate "2003.11.25"]
[SourceVersion "1"]
[SourceVersionDate "2003.11.25"]
[SourceQuality "1"]

1. d4 d5 2. Nc3 Nf6 3. f3 c5 4. e3 Nc6 5. Nge2 Bf5 6. Ng3 Bg6 7. Bd3 cxd4 8. exd4 Qb6 9. Bxg6 hxg6 10. Nce2 e6 11. c3 Bd6 12. Qb3 Qc7 13. 0-0 0-0-0 14. Bg5 Rh7 15. Bxf6 gxf6 16. f4 Rdh8 17. h3 g5 18. Rf3 gxf4 19. Nh1 Rg7 20. Kh2 e5 21. dxe5 fxe5 22. Qxd5 Ne7 23. Qd2 e4 24. Rxf4 e3 25. Qd4 Be5 26. Qc4 Qxc4 0-1

[Event "HUN-chT3 9899"]
[Site "Hungary"]
[Date "1999.04.25"]
[Round "11"]
[White "Ivan, Attila"]
[Black "Andi, Peter"]
[Result "1-0"]
[WhiteElo "2290"]
[BlackElo "2196"]
[PlyCount "113"]
[EventDate "1998.09.??"]
[EventType "team-tourn"]
[EventRounds "11"]
[EventCountry "HUN"]
[SourceTitle "EXT 2001"]
[Source "ChessBase"]
[SourceDate "2000.11.22"]
[SourceVersion "1"]
[SourceVersionDate "2000.11.22"]
[SourceQuality "1"]

1. e4 g6 2. d4 Bg7 3. Nc3 c6 4. Bc4 d6 5. Be3 b5 6. Bb3 Nf6 7. f3 0-0 8. Qd2 Nbd7 9. Nge2 Nb6 10. Bh6 Nc4 11. Bxc4 bxc4 12. h4 Qa5 13. Bxg7 Kxg7 14. h5 Rh8 15. h6+ Kf8 16. b3 Ba6 17. Rd1 e6 18. g4 Qc7 19. Qg5 Nd7 20. Rf1 Qd8 21. Qf4 Qh4+ 22. Kd2 Ke7 23. e5 dxe5 24. dxe5 Rhd8 25. Kc1 cxb3 26. axb3 Nb6 27. Rh1 Rxd1+ 28. Rxd1 Bxe2 29. Nxe2 Nd5 30. Qd2 Rc8 31. c4 Nb6 32. Nd4 Ke8 33. g5 Rd8 34. Qe3 c5 35. Nb5 Rxd1+ 36. Kxd1 Qh1+ 37. Kc2 Nd7 38. Nd6+ Kf8 39. Qf4 f5 40. exf6 Qg2+ 41. Kc3 Qa2 42. Qe4 Qa1+ 43. Kd2 Qb2+ 44. Qc2 Qd4+ 45. Qd3 Ne5 46. Qxd4 Nxf3+ 47. Kd3 Nxd4 48. b4 Nc6 49. b5 Nb8 50. Ke4 a5 51. bxa6 Nxa6 52. Ke5 Nb8 53. Kxe6 Nc6 54. Ne4 Nd8+ 55. Kd7 Nf7 56. Kc6 Ke8 57. Nd6+ 1-0

[Event "Szekszard op"]
[Site "Szekszard "]
[Date "1998.??.??"]
[Round "8"]
[White "Andi, Peter"]
[Black "Neber, Akos"]
[Result "0-1"]
[WhiteElo "2210"]
[BlackElo "2175"]
[PlyCount "84"]
[EventDate "1998.10.??"]
[EventType "swiss"]
[EventRounds "9"]
[EventCountry "HUN"]
[SourceTitle "EXT 2002"]
[Source "ChessBase"]
[SourceDate "2001.11.25"]
[SourceVersion "1"]
[SourceVersionDate "2001.11.25"]
[SourceQuality "1"]

1. Nf3 d5 2. d4 Nf6 3. c4 dxc4 4. e3 c5 5. Bxc4 e6 6. 0-0 a6 7. a4 Nc6 8. Nc3 Be7 9. b3 0-0 10. Bb2 cxd4 11. exd4 b6 12. Qe2 Bb7 13. Rfd1 Nb4 14. Ne5 Nbd5 15. Nxd5 Nxd5 16. Rac1 Bg5 17. Rc2 Nf4 18. Qg4 h5 19. Qg3 h4 20. Qc3 Be4 21. Bd3 Nxd3 22. Nxd3 h3 23. g3 Qd5 24. f4 Bf6 25. Nb4 Qf5 26. Rcd2 a5 27. Na2 Bb7 28. Kf2 Qd5 29. Rg1 Rfc8 30. Qe3 b5 31. axb5 a4 32. g4 Qxb5 33. bxa4 Qxa4 34. g5 Be7 35. Nc3 Qc4 36. Qxh3 Ba3 37. Ba1 Bb4 38. g6 fxg6 39. Qd3 Rxa1 40. Rxa1 Bxc3 41. Rc1 Qxd3 42. Rxd3 Bxd4+ 0-1

[Event "Szekszard op"]
[Site "Szekszard "]
[Date "1998.??.??"]
[Round "2"]
[White "Andi, Peter"]
[Black "Vida, Jeno"]
[Result "1-0"]
[WhiteElo "2210"]
[BlackElo "2025"]
[PlyCount "39"]
[EventDate "1998.10.??"]
[EventType "swiss"]
[EventRounds "9"]
[EventCountry "HUN"]
[SourceTitle "EXT 2002"]
[Source "ChessBase"]
[SourceDate "2001.11.25"]
[SourceVersion "1"]
[SourceVersionDate "2001.11.25"]
[SourceQuality "1"]

1. Nf3 b6 2. e4 e6 3. d4 Be7 4. Bd3 Bb7 5. 0-0 c5 6. Nc3 cxd4 7. Nxd4 Nc6 8. Nxc6 Bxc6 9. Qg4 Bf6 10. Bf4 g6 11. Rfe1 Bg7 12. Bd6 f6 13. f4 Nh6 14. Qg3 Nf7 15. Ba3 Qc7 16. Nd5 Qb7 17. Ba6 Qb8 18. Rad1 b5 19. Qe3 Qd8 20. c4 1-0